00183nam a2200073Ia 4500008004100000100002000041245003000061260001800091170617s9999 xx 000 0 und d aZafar-Rasheeduz 0aMedicinal Plants of India bMumbai-Source